Ricostruisci la Carriera del Calciatore - Diego Laxalt - Statistics

Statistiche generali
  • Questo quiz è stato fatto 3 volte
  • Il punteggio medio è 6 su 10
Statistiche sulle risposte
Hint Risposta % Corretto
2012-2013 Defensor Sporting
100%
2021- Dinamo Mosca
100%
2015-2018 Genoa
100%
2018-2019 Milan
100%
2019-2020 Torino
100%
2013-2014 Bologna
50%
2020-2021 Celtic
0%
2014-2015 Empoli
0%
2013 Inter
0%
2020 Milan
0%
Nessun quiz corrispondente trovato
Distribuzione punteggi
Percentuale di utenti per punteggio
Percentile per numero di risposta
I tuoi punteggi nel tempo
Non hai fatto questo quiz